[Event "TCh-TUR Super League 2023"]
[Site "Ankara TUR"]
[Date "2023.07.11"]
[Round "2.1"]
[Board "6"]
[White "Tarhan, Adar"]
[Black "Tarlabasi, Emirhan"]
[Result "1-0"]
[WhiteTitle "FM"]
[BlackTitle "FM"]
[WhiteElo "2347"]
[BlackElo "2301"]
[WhiteTeam "ROTA KOLEJI"]
[BlackTeam "TAS DUVAR"]
[WhiteFideId "34544712"]
[BlackFideId "6350275"]
[EventDate "2023.07.10"]

1. e4 e6 2. d4 d5 3. Nd2 c5 4. Ngf3 cxd4 5. exd5 Qxd5 6. Bc4 Qd6 7. O-O Nf6 8.
Nb3 Nc6 9. Nbxd4 Nxd4 10. Nxd4 Be7 11. Nb5 Qc6 12. Qe2 a6 13. Bf4 O-O 14. Nd4
Qe4 15. Qxe4 Nxe4 16. Rfe1 Nf6 17. Rad1 Bd7 18. Be2 Nd5 19. Be5 Rad8 20. Bf3 Bc8
21. Nb3 Nb4 22. a3 Rxd1 23. Rxd1 Nd5 24. c4 Nb6 25. Na5 Nd7 26. Bc7 b6 27. Nc6
Bf6 28. b4 g5 29. Na7 Ne5 30. Be2 Bb7 31. Bxb6 Ra8 32. c5 Kf8 33. a4 Nc6 34. Bf3
Nxa7 35. Bxb7 Rb8 36. Bxa6 Nc6 37. b5 Nb4 38. Bc7 Ra8 39. Bb7 Rxa4 40. c6 Be7
41. Be5 Nd5 42. Rxd5 1-0

[Event "TCh-TUR Super League 2023"]
[Site "Ankara TUR"]
[Date "2023.07.11"]
[Round "2.2"]
[Board "2"]
[White "Vidit, Santosh Gujrathi"]
[Black "Skoberne, Jure"]
[Result "1-0"]
[WhiteTitle "GM"]
[BlackTitle "GM"]
[WhiteElo "2719"]
[BlackElo "2536"]
[WhiteTeam "TURK HAVA YOLLARI"]
[BlackTeam "BURHANIYE"]
[WhiteFideId "5029465"]
[BlackFideId "14604299"]
[EventDate "2023.07.10"]

1. d4 Nf6 2. c4 d6 3. Nf3 g6 4. Nc3 Bg7 5. e4 O-O 6. Be2 e5 7. O-O exd4 8. Nxd4
Re8 9. f3 c6 10. Nc2 Na6 11. Kh1 Nc7 12. Bg5 h6 13. Bh4 a6 14. f4 Ne6 15. Bg4
Qb6 16. Bxf6 Bxf6 17. f5 gxf5 18. Bxf5 Qxb2 19. Na4 Qe5 20. Nb6 Rb8 21. Rb1 Re7
22. Ne3 Qd4 23. Ng4 Bg7 24. Nxc8 1-0

[Event "TCh-TUR Super League 2023"]
[Site "Ankara TUR"]
[Date "2023.07.11"]
[Round "2.2"]
[Board "3"]
[White "Celik, Hasan Huseyin"]
[Black "Yilmazyerli, Mert"]
[Result "1/2-1/2"]
[WhiteTitle "FM"]
[BlackTitle "GM"]
[WhiteElo "2405"]
[BlackElo "2542"]
[WhiteTeam "BURHANIYE"]
[BlackTeam "TURK HAVA YOLLARI"]
[WhiteFideId "44506759"]
[BlackFideId "6305962"]
[EventDate "2023.07.10"]

1. Nf3 d5 2. e3 Nf6 3. c4 e6 4. b3 c5 5. Bb2 Nc6 6. cxd5 exd5 7. Be2 d4 8. Bb5
Bd7 9. O-O Be7 10. Bxc6 Bxc6 11. exd4 O-O 12. dxc5 Bxc5 13. Nc3 Re8 14. d4 Bd6
15. Ne5 Bxe5 16. dxe5 Rxe5 17. Qxd8+ Rxd8 18. Rad1 Ree8 19. Rxd8 Rxd8 20. Rd1
Rxd1+ 21. Nxd1 Nd5 22. Ne3 Nxe3 23. fxe3 f6 24. a3 Kf7 25. Kf2 Ke6 26. Bd4 a6
27. a4 h5 28. a5 g5 29. g3 f5 30. b4 Kd5 31. Bf6 g4 32. Be7 Bb5 33. Bf8 Ke4 34.
Be7 1/2-1/2

[Event "TCh-TUR Super League 2023"]
[Site "Ankara TUR"]
[Date "2023.07.11"]
[Round "2.2"]
[Board "4"]
[White "Gurel, Ediz"]
[Black "Bicer, Atakan Mert"]
[Result "1-0"]
[WhiteTitle "IM"]
[BlackTitle "FM"]
[WhiteElo "2500"]
[BlackElo "2311"]
[WhiteTeam "TURK HAVA YOLLARI"]
[BlackTeam "BURHANIYE"]
[WhiteFideId "44507356"]
[BlackFideId "34560645"]
[EventDate "2023.07.10"]

1. e4 c5 2. Nf3 e6 3. d4 cxd4 4. Nxd4 Nc6 5. Nc3 Qc7 6. f4 a6 7. Nxc6 bxc6 8.
Bd3 d5 9. Qe2 Nf6 10. Bd2 Bb7 11. O-O Be7 12. Rae1 Nd7 13. Qg4 h5 14. Qxg7 Bf6
15. Qg3 O-O-O 16. e5 Be7 17. f5 Rdg8 18. Qh3 Nxe5 19. fxe6 f6 20. Bf4 Qb6+ 21.
Kh1 c5 22. Bxe5 fxe5 23. Rxe5 Qd6 24. Rxh5 Rxh5 25. Qxh5 c4 26. Bf5 d4 27. Ne4
Qe5 28. Qe2 Kb8 29. Qe1 Bd6 30. Ng3 Qh8 31. Kg1 d3 32. cxd3 Bc5+ 33. Kh1 Bd6 34.
e7 Re8 35. Be4 Rxe7 36. Qf2 Rg7 37. Kg1 cxd3 38. Qb6 Bxg3 39. hxg3 Rc7 40. Bxb7
Rxb7 41. Qd6+ Ka7 42. Qc5+ 1-0

[Event "TCh-TUR Super League 2023"]
[Site "Ankara TUR"]
[Date "2023.07.11"]
[Round "2.2"]
[Board "5"]
[White "Yakubbaeva, Nilufar"]
[Black "Vaishali, Rameshbabu"]
[Result "0-1"]
[WhiteTitle "WGM"]
[BlackTitle "IM"]
[WhiteElo "2311"]
[BlackElo "2431"]
[WhiteTeam "BURHANIYE"]
[BlackTeam "TURK HAVA YOLLARI"]
[WhiteFideId "14204487"]
[BlackFideId "5091756"]
[EventDate "2023.07.10"]

1. d4 Nf6 2. c4 g6 3. Nc3 d5 4. Nf3 Bg7 5. Bg5 O-O 6. Bxf6 Bxf6 7. Nxd5 Bg7 8.
e3 c5 9. Be2 Nc6 10. Qd2 cxd4 11. Nxd4 Nxd4 12. exd4 e6 13. Nc3 Qxd4 14. Qxd4
Bxd4 15. Rc1 Bd7 16. O-O Rfd8 17. Bf3 Bc6 18. Bxc6 bxc6 19. b3 f5 20. Ne2 Bc5
21. Nf4 Kf7 22. Rfd1 e5 23. Nd3 Bd4 24. Nb4 Rac8 25. Kf1 a5 26. Nc2 Bb2 27. Rb1
Bc3 28. Ke2 e4 29. f3 Ke6 30. fxe4 fxe4 31. Ne3 Bb4 32. Nc2 Bc3 33. Ne3 Bd4 34.
Nc2 c5 35. Ne3 Bxe3 36. Kxe3 Ke5 37. Rbc1 Rd4 38. Ke2 Rb8 39. Rxd4 cxd4 40. c5
Rc8 41. c6 Rc7 42. Rc5+ Kd6 43. Rxa5 Rxc6 44. Kd2 Rc3 45. Ra4 e3+ 46. Kd1 d3 47.
Ra6+ Kd5 48. Ra5+ Rc5 49. Ra8 Kd4 50. Ra5 0-1

[Event "TCh-TUR Super League 2023"]
[Site "Ankara TUR"]
[Date "2023.07.11"]
[Round "2.2"]
[Board "6"]
[White "Can, Isik"]
[Black "Gallevci, Yagiz"]
[Result "1-0"]
[WhiteTitle "IM"]
[BlackTitle "CM"]
[WhiteElo "2512"]
[BlackElo "2204"]
[WhiteTeam "TURK HAVA YOLLARI"]
[BlackTeam "BURHANIYE"]
[WhiteFideId "6383742"]
[BlackFideId "6379931"]
[EventDate "2023.07.10"]

1. e4 e6 2. d4 d5 3. Nc3 dxe4 4. Nxe4 Nd7 5. Nf3 Ngf6 6. Bd3 Nxe4 7. Bxe4 c5 8.
O-O Nf6 9. Bg5 h6 10. Bxf6 Qxf6 11. Qd3 a6 12. Qb3 Rb8 13. Bc6+ Bd7 14. Ne5 Bxc6
15. Nxc6 c4 16. Qb6 e5 17. Qa7 Rc8 18. Nxe5 Bd6 19. Qxb7 O-O 20. Nd7 Bxh2+ 21.
Kxh2 Qd6+ 22. Ne5 f6 23. Qd7 Qb8 24. f4 fxe5 25. fxe5 Qxb2 26. e6 Rfd8 27. Qf7+
Kh8 28. e7 Qb8+ 29. Kg1 Re8 30. Rae1 c3 31. d5 Qb6+ 32. Rf2 Qd4 1-0

[Event "TCh-TUR Super League 2023"]
[Site "Ankara TUR"]
[Date "2023.07.11"]
[Round "2.3"]
[Board "1"]
[White "Volokitin, Andrei"]
[Black "Sanal, Vahap"]
[Result "1/2-1/2"]
[WhiteTitle "GM"]
[BlackTitle "GM"]
[WhiteElo "2674"]
[BlackElo "2585"]
[WhiteTeam "DENIZ SU SATRANC GENCLIK VE"]
[BlackTeam "GOKTURK"]
[WhiteFideId "14107090"]
[BlackFideId "6300545"]
[EventDate "2023.07.10"]

1. e4 e5 2. Nf3 Nc6 3. Bc4 Bc5 4. O-O Nf6 5. d3 d6 6. c3 a6 7. a4 Ba7 8. Re1 h6
9. Nbd2 O-O 10. h3 Re8 11. b4 Be6 12. Bxe6 Rxe6 13. Bb2 Re8 14. b5 Ne7 15. d4
Ng6 16. Qb3 Nf4 17. c4 Nd7 18. Qe3 Qf6 19. c5 Qg6 20. Nh4 Qg5 21. Ndf3 Nxh3+ 22.
Kf1 Qxe3 23. fxe3 Ng5 24. cxd6 Nxe4 25. dxc7 Rac8 26. Rac1 Bb6 27. Nxe5 Nxe5 28.
dxe5 Rxc7 29. Rxc7 Bxc7 30. Nf3 axb5 31. axb5 Ng5 32. Rc1 Ne6 33. Ra1 Rd8 34.
Bd4 Rd5 35. b6 Bd8 36. Ke2 Rb5 37. Ra8 Kh7 38. Rb8 Bxb6 1/2-1/2

[Event "TCh-TUR Super League 2023"]
[Site "Ankara TUR"]
[Date "2023.07.11"]
[Round "2.3"]
[Board "2"]
[White "Yilmaz, Mustafa"]
[Black "Indjic, Aleksandar"]
[Result "1/2-1/2"]
[WhiteTitle "GM"]
[BlackTitle "GM"]
[WhiteElo "2639"]
[BlackElo "2619"]
[WhiteTeam "GOKTURK"]
[BlackTeam "DENIZ SU SATRANC GENCLIK VE"]
[WhiteFideId "6302718"]
[BlackFideId "911925"]
[EventDate "2023.07.10"]

1. d4 Nf6 2. c4 e6 3. Nf3 d5 4. Nc3 c5 5. cxd5 cxd4 6. Qa4+ Bd7 7. Qxd4 exd5 8.
Nxd5 Qa5+ 9. Nc3 Nc6 10. Qd1 Ne4 11. Bd2 Nxd2 12. Nxd2 Bb4 13. Rc1 Bxc3 14. Rxc3
Qxa2 15. Nc4 Be6 16. e4 Rd8 17. Nd6+ Kf8 18. Qc1 Qa4 19. Nxb7 Qxe4+ 20. Qe3
Qxe3+ 21. fxe3 Rb8 22. Nc5 Nd8 23. Bd3 g6 24. O-O Kg7 25. Ra3 Rxb2 26. Nxe6+
Nxe6 27. Rxa7 Rf8 28. Bc4 Rb6 29. Re7 Nd8 30. Bd5 h5 31. h4 Rf6 32. Rc1 g5 33.
hxg5 Rf5 34. e4 Rxg5 35. e5 Rg6 36. Rf1 Ne6 37. Kh2 Ng5 38. Rf5 Kg8 39. Rd7 Rg7
40. Kg3 Rg6 41. Kh4 Ne6 42. g3 Kg7 43. Bf3 Nc5 44. Rd5 Ne6 45. Bxh5 Rh6 46. Rd7
Kg8 47. Rf6 Rh7 48. Kg4 Rg7+ 49. Kh4 Nc5 50. Re7 Ne4 51. Rf3 f5 52. Rxg7+ Kxg7
53. Rf4 Nc5 54. Rb4 Rd8 55. Rf4 Rf8 56. Rd4 Rb8 57. Rd5 Ne4 58. Rd7+ Kh6 59. Rf7
Rb2 60. Rxf5 Rh2+ 61. Kg4 Nxg3 62. Kxg3 Rxh5 63. Kg4 Rh1 64. Rf6+ Kg7 65. Kf5
Rf1+ 66. Ke6 Ra1 67. Rf7+ Kg6 68. Rd7 Ra6+ 69. Rd6 Ra7 70. Rb6 Kg7 71. Rb8 Ra6+
72. Ke7 Ra5 73. e6 Ra7+ 74. Kd6 Ra6+ 75. Kd7 Ra7+ 76. Kd8 Kf6 77. Rb6 Re7 78.
Ra6 Rxe6 79. Rxe6+ Kxe6 1/2-1/2

[Event "TCh-TUR Super League 2023"]
[Site "Ankara TUR"]
[Date "2023.07.11"]
[Round "2.3"]
[Board "3"]
[White "Citak, Selim"]
[Black "Can, Emre"]
[Result "1/2-1/2"]
[WhiteTitle "FM"]
[BlackTitle "GM"]
[WhiteElo "2327"]
[BlackElo "2570"]
[WhiteTeam "DENIZ SU SATRANC GENCLIK VE"]
[BlackTeam "GOKTURK"]
[WhiteFideId "6301819"]
[BlackFideId "6302181"]
[EventDate "2023.07.10"]

1. d4 d5 2. c4 e6 3. Nc3 Nf6 4. Bg5 Bb4 5. Nf3 h6 6. Bxf6 Qxf6 7. e3 O-O 8. Rc1
Nc6 9. a3 Bxc3+ 10. Rxc3 dxc4 11. Bxc4 e5 12. Nxe5 Nxe5 13. dxe5 Qxe5 14. O-O
Bf5 15. Qh5 Qf6 16. Qf3 Qg6 17. Qf4 Rac8 18. Rd1 Rfd8 19. Rcc1 c6 20. e4 Be6 21.
Bxe6 Qxe6 22. Qe3 b6 23. b4 Rxd1+ 24. Rxd1 c5 25. bxc5 Rxc5 26. g3 Qe7 27. Qd3
Ra5 28. Qd8+ Qxd8 29. Rxd8+ Kh7 30. Rd3 Kg6 31. Kg2 Kf6 32. f4 Rb5 33. Kf3 Rb2
34. h4 h5 35. g4 hxg4+ 36. Kxg4 Ra2 37. h5 Rg2+ 38. Kf3 Ra2 1/2-1/2

[Event "TCh-TUR Super League 2023"]
[Site "Ankara TUR"]
[Date "2023.07.11"]
[Round "2.3"]
[Board "4"]
[White "Gokerkan, Cem Kaan"]
[Black "Yurtseven, Melih"]
[Result "1/2-1/2"]
[WhiteTitle "IM"]
[BlackTitle "IM"]
[WhiteElo "2516"]
[BlackElo "2329"]
[WhiteTeam "GOKTURK"]
[BlackTeam "DENIZ SU SATRANC GENCLIK VE"]
[WhiteFideId "6336760"]
[BlackFideId "6312160"]
[EventDate "2023.07.10"]

1. e4 e5 2. Nf3 Nf6 3. d4 Nxe4 4. Bd3 d5 5. Nxe5 Nd7 6. Nxd7 Bxd7 7. O-O Bd6 8.
Nc3 Nxc3 9. bxc3 O-O 10. Qh5 f5 11. Re1 c6 12. Bg5 Qc7 13. Re3 Rf7 14. Rae1 b5
15. Be7 Bxe7 16. Rxe7 Raf8 17. Qg5 Qd8 18. h4 h6 19. Qe3 f4 20. Qe5 Rxe7 21.
Qxe7 Qxe7 22. Rxe7 Rf7 23. Re1 Kf8 24. Ra1 Ke7 25. a4 a6 26. axb5 axb5 27. f3
Rf8 28. Kf2 Rb8 29. Re1+ Kf6 30. Ra1 Ke7 31. g3 fxg3+ 32. Kxg3 g5 33. hxg5 hxg5
34. Rh1 Rg8 35. Rh7+ Kd6 36. Rh6+ Ke7 37. Bf1 Ra8 38. Rh7+ Kd6 39. Rh6+ Ke7 40.
Rh7+ Kd6 41. Rh6+ 1/2-1/2

[Event "TCh-TUR Super League 2023"]
[Site "Ankara TUR"]
[Date "2023.07.11"]
[Round "2.3"]
[Board "5"]
[White "Salimova, Nurgyul"]
[Black "Ozturk Orenli, Kubra"]
[Result "1-0"]
[WhiteTitle "IM"]
[BlackTitle "WGM"]
[WhiteElo "2409"]
[BlackElo "2319"]
[WhiteTeam "DENIZ SU SATRANC GENCLIK VE"]
[BlackTeam "GOKTURK"]
[WhiteFideId "2915138"]
[BlackFideId "6302599"]
[EventDate "2023.07.10"]

1. d4 Nf6 2. c4 e6 3. Nf3 d5 4. g3 Be7 5. Bg2 O-O 6. Nc3 dxc4 7. Ne5 Nc6 8. Bxc6
bxc6 9. Nxc6 Qe8 10. Nxe7+ Qxe7 11. Qa4 c5 12. dxc5 Qxc5 13. Be3 Qc7 14. O-O-O
Ng4 15. Rd4 Nxe3 16. fxe3 Bb7 17. Rhd1 Rac8 18. Qb4 Ba8 19. Qd6 Qa5 20. e4 Rc6
21. Qa3 Qg5+ 22. Kb1 a5 23. h4 Qc5 24. Qxc5 Rxc5 25. Rd7 Bc6 26. Ra7 Rc8 27. Kc1
Be8 28. Rd6 h5 29. Rda6 a4 30. Ra5 Kh7 31. Ra8 Rxa5 32. Rxc8 Bd7 33. Rc7 Be8 34.
Rxc4 f6 35. Rc7 Bg6 36. Kd2 Ra6 37. Rc4 Be8 38. b4 axb3 39. axb3 g5 40. b4 Kg6
41. b5 Rb6 42. Rc5 g4 43. Kd3 f5 44. Kc4 Rb8 45. Kb4 f4 46. gxf4 Kf6 47. Rg5 Bg6
48. f5 exf5 49. Nd5+ Ke5 50. Rxg6 Kxe4 51. Nf6+ Ke3 52. Nxh5 Rh8 53. Ng7 Rf8 54.
Nxf5+ 1-0

[Event "TCh-TUR Super League 2023"]
[Site "Ankara TUR"]
[Date "2023.07.11"]
[Round "2.3"]
[Board "6"]
[White "Kilic, Eray"]
[Black "Erten, Kerem"]
[Result "1-0"]
[WhiteTitle "FM"]
[BlackTitle "CM"]
[WhiteElo "2422"]
[BlackElo "2287"]
[WhiteTeam "GOKTURK"]
[BlackTeam "DENIZ SU SATRANC GENCLIK VE"]
[WhiteFideId "44517173"]
[BlackFideId "34588221"]
[EventDate "2023.07.10"]

1. e4 e5 2. Nf3 Nc6 3. Bc4 Nf6 4. d3 Bc5 5. c3 d6 6. Bb3 a6 7. h3 Ba7 8. Nbd2
Qe7 9. Nf1 Be6 10. Qe2 Bxb3 11. axb3 Qe6 12. b4 h6 13. Ng3 Ne7 14. Nh4 O-O 15.
Nhf5 Nxf5 16. Nxf5 d5 17. O-O h5 18. Qf3 dxe4 19. dxe4 g6 20. Bh6 Rfd8 21. Ne3
c6 22. Bg5 Rd6 23. Bxf6 Qxf6 24. Nc4 Re6 25. Rad1 Qe7 26. Rd2 Rd8 27. Rxd8+ Qxd8
28. Rd1 Qh4 29. Rd6 Qe7 30. Rd2 Qh4 31. g3 Qxh3 32. Rd8+ Kg7 33. Nd6 Re7 34.
Ne8+ Kh6 35. Nf6 Re6 36. Rh8+ Kg7 37. Rh7+ Kf8 38. Nxh5 f5 39. Nf6 fxe4 40. Nd7+ 1-0

[Event "TCh-TUR Super League 2023"]
[Site "Ankara TUR"]
[Date "2023.07.11"]
[Round "2.4"]
[Board "1"]
[White "Nihal, Sarin"]
[Black "Mendonca, Leon Luke"]
[Result "1/2-1/2"]
[WhiteTitle "GM"]
[BlackTitle "GM"]
[WhiteElo "2688"]
[BlackElo "2627"]
[WhiteTeam "BAYEGAN PENDIK"]
[BlackTeam "BURSA BUYUKSEHIR BELEDIYE SPOR KULUBU"]
[WhiteFideId "25092340"]
[BlackFideId "35028561"]
[EventDate "2023.07.10"]

1. e4 c5 2. Nc3 d6 3. Bb5+ Bd7 4. Bxd7+ Qxd7 5. d4 cxd4 6. Qxd4 Nc6 7. Qd3 g6 8.
Nf3 Bg7 9. O-O Nf6 10. Nd5 O-O 11. Bg5 Ne8 12. Rad1 h6 13. Bh4 e6 14. Ne3 f5 15.
exf5 gxf5 16. Nc4 e5 17. Nxd6 Nxd6 18. Qxd6 Qf7 19. c3 Rae8 20. Qd5 e4 21. Qxf7+
Rxf7 22. Nd4 Nxd4 23. cxd4 Rd7 24. Bg3 Rxd4 25. Bf4 Rc8 26. Rxd4 Bxd4 27. Rc1
Rxc1+ 28. Bxc1 h5 29. Kf1 Kf7 30. f3 exf3 31. gxf3 a6 1/2-1/2

[Event "TCh-TUR Super League 2023"]
[Site "Ankara TUR"]
[Date "2023.07.11"]
[Round "2.4"]
[Board "2"]
[White "Erdogmus, Yagiz Kaan"]
[Black "Korobov, Anton"]
[Result "0-1"]
[WhiteTitle "IM"]
[BlackTitle "GM"]
[WhiteElo "2483"]
[BlackElo "2667"]
[WhiteTeam "BURSA BUYUKSEHIR BELEDIYE SPOR KULUBU"]
[BlackTeam "BAYEGAN PENDIK"]
[WhiteFideId "44599790"]
[BlackFideId "14105730"]
[EventDate "2023.07.10"]

1. d4 d5 2. c4 e6 3. Nf3 c6 4. g3 dxc4 5. Bg2 b5 6. O-O Bb7 7. Nc3 Nf6 8. Ne5
Qc8 9. b3 cxb3 10. Qxb3 Nbd7 11. Ba3 Bxa3 12. Qxa3 a5 13. Qd6 Qb8 14. Qxb8+ Rxb8
15. Nxc6 Bxc6 16. Bxc6 b4 17. Na4 Ke7 18. Rac1 Rhc8 19. e4 Nb6 20. Nxb6 Rxb6 21.
Ba4 Rc3 22. Rxc3 bxc3 23. Rc1 Nxe4 24. f3 Rb4 25. Bc6 Nd6 26. Rxc3 Rxd4 27. Ra3
Rc4 28. Ba4 g5 29. Bb3 Rc5 30. Ra4 e5 31. h4 h6 32. hxg5 hxg5 33. f4 gxf4 34.
gxf4 e4 35. Kf2 f5 36. Ke3 Rc3+ 37. Ke2 Nb5 38. Rxa5 Nd4+ 39. Kd2 Rd3+ 40. Kc1
Rf3 41. Bd1 Rxf4 42. Kd2 Kf6 43. Rd5 Nf3+ 44. Ke3 Rh4 45. a4 Ng5 46. a5 Ne6 47.
Kf2 Rh2+ 48. Ke1 Nf4 49. Rd4 Ke5 50. Ra4 e3 0-1

[Event "TCh-TUR Super League 2023"]
[Site "Ankara TUR"]
[Date "2023.07.11"]
[Round "2.4"]
[Board "3"]
[White "Ali Marandi, Cemil Can"]
[Black "Haznedaroglu, Kivanc"]
[Result "1/2-1/2"]
[WhiteTitle "GM"]
[BlackTitle "GM"]
[WhiteElo "2568"]
[BlackElo "2408"]
[WhiteTeam "BAYEGAN PENDIK"]
[BlackTeam "BURSA BUYUKSEHIR BELEDIYE SPOR KULUBU"]
[WhiteFideId "6300529"]
[BlackFideId "6300634"]
[EventDate "2023.07.10"]

1. e4 c5 2. c3 Nf6 3. e5 Nd5 4. Nf3 d6 5. d4 cxd4 6. cxd4 Nc6 7. Bc4 dxe5 8.
Bxd5 Qxd5 9. Nc3 Qd6 10. d5 Nd4 11. Nxd4 exd4 12. Qxd4 e5 13. Qe4 Be7 14. O-O
O-O 15. f4 exf4 16. Bxf4 Qb6+ 17. Kh1 Bf6 18. Rab1 Bd7 19. Be3 Qa6 20. Bd4 Bxd4
21. Qxd4 Rac8 22. Rf4 b5 23. Rbf1 Rc4 24. Qd3 Rxf4 25. Rxf4 Qd6 26. Qd4 a5 27.
a3 Re8 28. Re4 Rxe4 29. Qxe4 b4 30. axb4 axb4 31. Ne2 h6 32. h3 Kf8 33. Nc1 Qe7
34. Qf4 Qc5 35. d6 Bc6 36. Nd3 Qd5 37. Qg3 Qd4 38. d7 1/2-1/2

[Event "TCh-TUR Super League 2023"]
[Site "Ankara TUR"]
[Date "2023.07.11"]
[Round "2.4"]
[Board "4"]
[White "Eren, Ataberk"]
[Black "Solak, Dragan"]
[Result "0-1"]
[WhiteTitle "FM"]
[BlackTitle "GM"]
[WhiteElo "2324"]
[BlackElo "2586"]
[WhiteTeam "BURSA BUYUKSEHIR BELEDIYE SPOR KULUBU"]
[BlackTeam "BAYEGAN PENDIK"]
[WhiteFideId "6349765"]
[BlackFideId "916811"]
[EventDate "2023.07.10"]

1. d4 Nf6 2. Nf3 g6 3. c4 Bg7 4. Nc3 O-O 5. e4 d6 6. Be2 e5 7. O-O Nc6 8. d5 Ne7
9. b4 a5 10. bxa5 Rxa5 11. a4 Nd7 12. Nd2 f5 13. Ba3 Ra8 14. Bb4 Bh6 15. Nb3
fxe4 16. Nxe4 Nf6 17. Nc3 Rf7 18. a5 Bf8 19. Bf3 Bf5 20. Re1 c5 21. Ba3 Bd7 22.
Bb2 Nf5 23. Ne4 Nxe4 24. Bxe4 Bh6 25. Bc3 Qf6 26. Nc1 Nd4 27. Nd3 Raf8 28. Ra2
Qh4 29. Bxd4 exd4 30. g3 Qd8 31. f4 Re8 32. Rae2 Rfe7 33. Bf3 Rxe2 34. Rxe2 Qxa5
35. Bg4 Qd8 36. Be6+ Bxe6 37. dxe6 Qf6 38. Nf2 Bf8 39. Ne4 Qf5 40. e7 Rxe7 41.
Nxd6 Qg4 42. Rd2 Qe6 43. Nb5 Qxc4 44. Qb1 Qe6 45. Qd3 Qe3+ 46. Kf1 Qxd3+ 47.
Rxd3 Kf7 48. Rb3 Ke6 49. Na3 Kd5 0-1

[Event "TCh-TUR Super League 2023"]
[Site "Ankara TUR"]
[Date "2023.07.11"]
[Round "2.4"]
[Board "5"]
[White "Atalik, Ekaterina"]
[Black "Aydin, Gulenay"]
[Result "1/2-1/2"]
[WhiteTitle "IM"]
[BlackTitle "WFM"]
[WhiteElo "2407"]
[BlackElo "2145"]
[WhiteTeam "BAYEGAN PENDIK"]
[BlackTeam "BURSA BUYUKSEHIR BELEDIYE SPOR KULUBU"]
[WhiteFideId "4130189"]
[BlackFideId "34557431"]
[EventDate "2023.07.10"]

1. d4 Nf6 2. c4 g6 3. Nc3 Bg7 4. e4 d6 5. Nf3 O-O 6. Be2 e5 7. Be3 exd4 8. Nxd4
Re8 9. f3 c6 10. Bf2 d5 11. exd5 cxd5 12. O-O Nc6 13. c5 Nxd4 14. Bxd4 Be6 15.
Qd2 Nd7 16. Bxg7 Kxg7 17. Bb5 Qc7 18. Qd4+ Kg8 19. b4 Red8 20. Rae1 Nf8 21. f4
Rab8 22. Bd3 Qd7 23. Re5 f6 24. Re3 f5 25. Rfe1 b6 26. Bc2 bxc5 27. bxc5 Rbc8
28. Ba4 Qg7 29. Re5 Bf7 30. Nb5 Ne6 31. Rxe6 Bxe6 32. Rxe6 Qxd4+ 33. Nxd4 Rxc5
34. Nc6 Ra8 35. Bb3 Rc8 36. Ne5 Rd8 37. Ra6 Rc7 38. Ra5 Kf8 39. Bxd5 Rc1+ 40.
Kf2 Rc7 41. h4 Rc1 42. Bf3 Rc2+ 43. Kg3 Rc7 44. h5 Rd6 45. h6 a6 46. Ra3 Ke7 47.
Rb3 Kf6 48. Nd3 g5 49. Nb4 gxf4+ 50. Kxf4 Rc4+ 51. Kg3 Kg5 52. Nd5 f4+ 53. Kf2
Rc2+ 54. Kg1 Rc1+ 55. Kf2 Rc2+ 56. Kg1 Rxa2 57. Rb7 Ra1+ 58. Kf2 Ra2+ 59. Kg1
Ra1+ 60. Kf2 Ra2+ 61. Kg1 Ra1+ 1/2-1/2

[Event "TCh-TUR Super League 2023"]
[Site "Ankara TUR"]
[Date "2023.07.11"]
[Round "2.5"]
[Board "1"]
[White "Demchenko, Anton"]
[Black "Abasov, Nijat"]
[Result "1/2-1/2"]
[WhiteTitle "GM"]
[BlackTitle "GM"]
[WhiteElo "2623"]
[BlackElo "2632"]
[WhiteTeam "HUKUKCU FENERBAHCELILER SPOR VE KULTUR K"]
[BlackTeam "DARUSSAFAKA"]
[WhiteFideId "4160258"]
[BlackFideId "13402960"]
[EventDate "2023.07.10"]

1. e4 e5 2. Nf3 Nc6 3. Bc4 Nf6 4. d3 d5 5. exd5 Nxd5 6. O-O Be7 7. h3 Be6 8. Re1
f6 9. d4 Ne3 10. Bxe3 Bxc4 11. Nbd2 Bf7 12. dxe5 fxe5 13. c3 O-O 14. Qa4 h6 15.
Qg4 Kh7 16. Ne4 Qd5 17. Red1 Qe6 18. Bc5 Qxg4 19. hxg4 Bxc5 20. Nxc5 b6 21. Ne4
Rad8 22. Rxd8 Rxd8 23. g5 Bd5 24. gxh6 Kxh6 25. Nfd2 a5 26. a4 Kg6 27. f3 Ne7
28. Re1 Kf7 29. Ng5+ 1/2-1/2

[Event "TCh-TUR Super League 2023"]
[Site "Ankara TUR"]
[Date "2023.07.11"]
[Round "2.5"]
[Board "2"]
[White "Kadric, Denis"]
[Black "Ahmadzada, Ahmad"]
[Result "0-1"]
[WhiteTitle "GM"]
[BlackTitle "IM"]
[WhiteElo "2601"]
[BlackElo "2503"]
[WhiteTeam "DARUSSAFAKA"]
[BlackTeam "HUKUKCU FENERBAHCELILER SPOR VE KULTUR K"]
[WhiteFideId "14403803"]
[BlackFideId "13413007"]
[EventDate "2023.07.10"]

1. e4 e5 2. Nf3 Nc6 3. Bc4 Bc5 4. O-O Nf6 5. d3 O-O 6. Re1 h6 7. c3 d6 8. Nbd2
a6 9. Nf1 Ba7 10. Bb3 Re8 11. Ng3 Be6 12. Bc2 d5 13. exd5 Bxd5 14. h3 Qd7 15. b4
Rad8 16. a4 b5 17. axb5 axb5 18. Rxa7 Bxf3 19. Qxf3 Nxa7 20. Be3 Nc6 21. Nf5 g6
22. Nxh6+ Kg7 23. Bg5 Nd5 24. Bb3 f5 25. Qg3 Ra8 26. Qh4 Re6 27. Nf7 Rg8 28.
Nxe5 Rxe5 29. Rxe5 Nxe5 30. Qd4 Re8 31. f4 Nxf4 32. Qxf4 Qxd3 33. Bh6+ Kh7 34.
Qh4 Nc4 35. Bf4+ Kg7 36. Qh6+ Kf7 37. Qh7+ Kf6 38. h4 Qb1+ 39. Kh2 Qxb3 40. Qd7
Nd6 41. Bxd6 Qf7 42. Qxc7 Qxc7 43. Bxc7 Re4 44. g3 Re2+ 45. Kh3 Ke6 0-1

[Event "TCh-TUR Super League 2023"]
[Site "Ankara TUR"]
[Date "2023.07.11"]
[Round "2.5"]
[Board "3"]
[White "Annaberdiyev, Meylis"]
[Black "Aghamaliyev, Cemil"]
[Result "1/2-1/2"]
[WhiteTitle "GM"]
[BlackTitle "GM"]
[WhiteElo "2496"]
[BlackElo "2482"]
[WhiteTeam "HUKUKCU FENERBAHCELILER SPOR VE KULTUR K"]
[BlackTeam "DARUSSAFAKA"]
[WhiteFideId "14000563"]
[BlackFideId "13400215"]
[EventDate "2023.07.10"]

1. d4 Nf6 2. Nf3 d5 3. Bf4 e6 4. e3 Bd6 5. Nbd2 c5 6. dxc5 Bxc5 7. Bd3 Nc6 8.
O-O O-O 9. e4 Nb4 10. e5 Nxd3 11. cxd3 Nd7 12. Nb3 Be7 13. Nfd4 Nc5 14. Qg4 f5
15. Qg3 b6 16. Nc6 Qd7 17. Nbd4 a5 18. Rfe1 Ba6 19. Re3 Rac8 20. Nxe7+ Qxe7 21.
h4 Qf7 22. Rb1 Qg6 23. Qxg6 hxg6 24. Rd1 Kf7 25. b3 Rc7 26. Rg3 Rfc8 27. Nf3 a4
28. Ng5+ Ke7 29. bxa4 Nxa4 30. Bd2 Nb2 31. Rb1 Rc2 32. Bb4+ Kd7 33. Ba3 Na4 34.
Bb4 Rb2 35. Rxb2 Nxb2 36. d4 Nd3 37. Bd2 1/2-1/2